Early man in South America

Bewaard in:
Bibliografische gegevens
Hoofdauteurs: Hrdlicka, Ales (Auteur), Holmes, W. H (Auteur), Willis, Bailey (Auteur), Wright, Fred Eugene (Auteur), Fenner, Clarence N (Auteur)
Formaat: Boek
Taal:Engels
Gepubliceerd in: Washington, D.C Government Printing Office 1912
Reeks:Bureau of American Ethnology, 52
Onderwerpen:
Tags: Voeg label toe
Geen labels, Wees de eerste die dit record labelt!

MARC

LEADER 00000nam a2200000 a 4500
001 UCG1548
003 CL-VaPUC
008 100506e19120000US |||||||||||||||||eng|d
082 0 4 |a 982.01  |b HRD  |2 21 
100 0 |a Hrdlicka, Ales  |e author  |9 549532 
700 0 |a Holmes, W. H  |e author  |9 549533 
700 0 |a Willis, Bailey  |e author  |9 549534 
700 0 |a Wright, Fred Eugene  |e author  |9 549535 
700 0 |a Fenner, Clarence N  |e author  |9 549536 
245 1 0 |a Early man in South America 
300 |a 405 p 
942 |c BK 
945 |d 20100506 00:00:00  |a dcastane 
260 |a Washington, D.C  |b Government Printing Office  |c 1912 
650 0 |a Historia antigua  |9 267521 
650 0 |a Historia Argentina  |9 268065 
650 0 |a Arqueología   |9 265619 
650 0 |a Etnografía   |9 309735 
583 |a last modification  |c 20100506 00:00:00  |k Rodrigo Vera 
490 0 |a Bureau of American Ethnology, 52 
999 |c 340897  |d 340895 
952 |0 0  |1 0  |4 0  |6 982_010000000000000_HRD_1912  |7 0  |8 X  |9 436036  |a FDOBUD  |b FDOBUD  |d 2019-11-22  |i 4635027  |o 982.01 HRD 1912  |p 4635027  |r 2019-11-22  |w 2019-11-22  |y BK_X  |k BUD